书目信息 |
| 题名: |
中国传统茶艺图鉴
|
|
| 作者: | 陆机 编著 | |
| 分册: | ||
| 出版信息: | 北京 东方出版社 2010.01 |
|
| 页数: | 161页 | |
| 开本: | 26cm | |
| 丛书名: | 中国传统文化图鉴系列 | |
| 单 册: | ||
| 中图分类: | TS971-64 | |
| 科图分类: | ||
| 主题词: | 茶--cha--文化--研究--中国--图解 | |
| 电子资源: | ||
| ISBN: | 978-7-5060-3664-1 | |
| 000 | 00881nam 2200265 450 | |
| 001 | 012010839140 | |
| 005 | 20100104142434.67 | |
| 010 | @a978-7-5060-3664-1@dCNY45.00 | |
| 100 | @a20100104d2010 em y0chiy0120 ea | |
| 101 | 0 | @achi |
| 102 | @aCN@b110000 | |
| 105 | @aa a 000yy | |
| 106 | @ar | |
| 200 | 1 | @a中国传统茶艺图鉴@Azhong guo chuan tong cha yi tu jian@f陆机编著@Flu ji bian zhu |
| 210 | @a北京@c东方出版社@d2010.01 | |
| 215 | @a161页@c图@d26cm | |
| 225 | 2 | @a中国传统文化图鉴系列@Azhong guo chuan tong wen hua tu jian xi lie |
| 320 | @a有书目 | |
| 330 | @a本书主要内容:茶艺溯源,闻香识茶,饮茶之器要览,茶境茶礼,传统茶艺,以及茶技演示。 | |
| 410 | 0 | @12001 @a中国传统文化图鉴系列 |
| 606 | 0 | @a茶@Acha@x文化@x研究@y中国@j图解 |
| 690 | @aTS971-64@v4 | |
| 701 | 0 | @a陆机@Alu ji@4编著 |
| 801 | 0 | @aCN@bQSSK@c20100104 |
| 905 | @b770992-94@dTS971-64@eL843@f3 | |
| 中国传统茶艺图鉴/陆机编著.-北京:东方出版社,2010.01 |
| 161页:图;26cm.-(中国传统文化图鉴系列) |
| ISBN 978-7-5060-3664-1:CNY45.00 |
| 本书主要内容:茶艺溯源,闻香识茶,饮茶之器要览,茶境茶礼,传统茶艺,以及茶技演示。 |
| ● |
| 相关链接 |
|
|
|
正题名:中国传统茶艺图鉴
索取号:TS971-64/L843
 
预约/预借
| 序号 | 登录号 | 条形码 | 馆藏地/架位号 | 状态 | 备注 |
| 1 | 770992 | 207709924 | 自科二线504/504自科库 42排1列5层/ [索取号:TS971-64/L843] | 在馆 | |
| 2 | 770993 | 207709933 | 自科二线504/504自科库 42排1列5层/ [索取号:TS971-64/L843] | 在馆 | |
| 3 | 770994 | 207709942 | 自科库501/ [索取号:TS971-64/L843] | 在馆 |